Ética y humanidad en la medicina actual. (Registro nro. 2328)
[ vista simple ]
| 000 -LEADER | |
|---|---|
| fixed length control field | 00956nam a2200265 a 4500 |
| 008 - CAMPO DE CONTROL (LIBRO) | |
| fixed length control field | 170223e1993 Ag ||||| |||| 00| 0 spa d |
| 020 ## - INTERNATIONAL STANDARD BOOK NUMBER | |
| ISBN | 9561109530 |
| 041 ## - CODIGO DE IDIOMA | |
| Código de idioma del texto/pista de sonido o título separado | spa |
| 092 ## - SIGNATURA TOPOGRAFICA DEWEY LOCAL | |
| número de clasificación | 174.2 |
| libristica | 13 |
| sección | COR |
| 100 1# - ENTRADA PRINCIPAL--NOMBRE PERSONAL | |
| Nombre personal | Correa Donoso, Eduardo |
| Función | Editor |
| 9 (RLIN) | 3112 |
| 245 ## - TITULO PROPIAMENTE DICHO | |
| Título | Ética y humanidad en la medicina actual. |
| Subtítulo y Título paralelo | Reflexiones bioéticas / |
| Mención de responsabilidad y remanente de la transcripción de la portada | Eduardo Correa Donoso |
| 250 ## - MENCION DE EDICION | |
| Mención de edición | 1a ed. |
| 260 ## - PIE DE IMPRENTA | |
| Lugar de publicación, distribución, etc | Santiago [Chile]: |
| Nombre de la editorial, distribuidor, etc | Editorial Universitaria; |
| Fecha de publicación | 1993. |
| 300 ## - DESCRIPCION FISICA | |
| Extension | 256 p. |
| 500 ## - NOTA GENERAL | |
| Nota general | Correa Donoso, E., Echeverria Bunster, C. y Rojas Osorio, A. (1993). Ética y humanidad en la medicina actual. Reflexiones bioéticas. (1a ed.). Chile : Editorial Universitaria. |
| 590 ## - NOTAS LOCALES (RLIN) | |
| Nota local | Donacion DRa. Dora Vera 2017 |
| 653 ## - TÉRMINO INDIZADO - PALABRAS CLAVES | |
| Palabra clave | Filosofia |
| 653 ## - TÉRMINO INDIZADO - PALABRAS CLAVES | |
| Palabra clave | Etica |
| 653 ## - TÉRMINO INDIZADO - PALABRAS CLAVES | |
| Palabra clave | Humanidad |
| 653 ## - TÉRMINO INDIZADO - PALABRAS CLAVES | |
| Palabra clave | Medicina |
| 653 ## - TÉRMINO INDIZADO - PALABRAS CLAVES | |
| Palabra clave | Acto medico |
| 700 1# - ENTRADAS SECUNDARIAS - NOMBRE PERSONAL | |
| Nombre personal | Echeverria Bunster, Carlos |
| Función | Editor |
| 9 (RLIN) | 3113 |
| 700 1# - ENTRADAS SECUNDARIAS - NOMBRE PERSONAL | |
| Nombre personal | Rojas Osorio, Alberto |
| Función | Editor |
| 9 (RLIN) | 3114 |
| 942 ## - ADDED ENTRY ELEMENTS (KOHA) | |
| Source of classification or shelving scheme | Dewey Decimal Classification |
| Item type | Libros |
| Estado de retiro | Existencia | Fuente de clasificación | Estado general | No para prestamo | Colección | Ubicación permanente | ubicación actual | Sala de ubicación | Fecha de adquisición | Fuente de adquisición | Total Checkouts | Número de clasificación | Código de barras | Date last seen | Número de ejemplar | Price effective from | Koha tipo de elemento (item) | Public note |
|---|---|---|---|---|---|---|---|---|---|---|---|---|---|---|---|---|---|---|
| Dewey Decimal Classification | Non-fiction | Biblioteca Medicina | Biblioteca Medicina | Circulación | 23/02/2017 | Donacion | 174.2;13;COR | 3747 | 23/02/2017 | Ej. 1 | 23/02/2017 | Libros | Donacion Dra. Dora Vera 2017 |